Word Ladder: Bart Simpson's Candy of Choice Quiz Stats

 Plays Quiz Updated May 18, 2019

Score 0/20 Timer 05:00
1 Play Today
Hint 6-Letter Word % Correct
Money handlerBANKER
95.6%
Good-humored talkBANTER
95.2%
Oil transporterTANKER
94.5%
Less paleTANNER
91.5%
Member of a baseball team on offense?BATTER
91%
Stuffed into tin to preserve as foodCANNED
89.6%
Way of behavingMANNER
87%
Duped or trickedCONNED
86.5%
Lasting for more timeLONGER
86.1%
Having a human crewMANNED
85.9%
Hint 6-Letter Word % Correct
Roseanne surname?CONNER
85.7%
Stay for a long time (like a Cranberries song)LINGER
85%
Avoided by quick movementDODGED
84.6%
Yearned or wantedLONGED
84.4%
Artful Dickens' character?DODGER
83.7%
With [Rung 20], a candy advertised by Bart Simpson• BUTTER •
82.3%
Became firmly fixed or embeddedLODGED
81.5%
Old manCODGER
80.6%
With [Rung 1], a candy advertised by Bart Simpson• FINGER •
79.8%
Type of eelCONGER
77.9%

Today's Daily Dose

Missing Word
Sherlocks

Word Ladder
King of the Hill

Quick Pick
Songs in Pink

Get the Picture
NBA Teammates

You're not logged in!

Compare scores with friends on all Sporcle quizzes.
OR
Log In

Sporcle TV

Today on Sporcle TV


Watch our educational content, quiz creation guides, and fun videos on Sporcle TV.

Show Comments

Extras

Top Quizzes Today


Score Distribution

Your Account Isn't Verified!

In order to create a playlist on Sporcle, you need to verify the email address you used during registration. Go to your Sporcle Settings to finish the process.

Report this User

Report this user for behavior that violates our Community Guidelines.

Details: